Obálka Náhled e-knihy:
PDF Epub
Pro půjčování e-knih musíte být přihlášeni.
Jak si půjčit online?

Míša a její malí pacienti. Tajemství lesa /

Míša už povyrostla, ale stále rozumí řeči zvířat a pomáhá tam, kde je potřeba, proto se nemůže smířit s tím, když se někdo ošklivě chová k přírodě.

Uloženo v:
Série:Míša a její malí pacienti, část
Hlavní autor: Cholewińska-Szkolik, Aniela (Autor)
Další autoři: Filipowska, Agnieszka (Autor), Páralová Tardy, Markéta, 1981- (Ilustrátor)
Médium: E-kniha
Jazyk:Czech
Vydáno: V Brně : CPress, 2024
Vydání:1. vydání
Témata:
Příbuzné jednotky:Přeloženo z: Misia i jej mali pacjenci
Z cyklu:: Míša a její malí pacienti
Tagy:
Žádné tagy
LEADER 02994nam a2200541 i 4500
001 312508
003 CZ PrSKC
005 20260601215723.0
007 ta
008 240923s2024 xr a b 000 j cze
015 |a cnb003632918 
020 |a 9788026453567  |q (vázáno) :  |c Kč 349,00 
035 |a (OCoLC)1468022403 
040 |a ABG001  |b cze  |d ABA001  |e rda 
041 1 |a cze  |h pol 
072 7 |a 821.162.1  |x Polská literatura  |2 Konspekt 
072 7 |a 821-93  |x Literatura pro děti a mládež (beletrie)  |2 Konspekt 
080 |a 821.162.1-32  |2 MRF 
080 |a 821-93  |2 MRF 
080 |a (0:82-32)  |2 MRF 
100 1 |a Cholewińska-Szkolik, Aniela  |7 xx0227006  |4 aut 
240 1 0 |a Tajemnice lasu.  |l Česky 
245 1 0 |a Míša a její malí pacienti.  |p Tajemství lesa /  |c Aniela Cholewińska-Szkoliková ; ilustrovala Agnieszka Filipowská ; z polského originálu Misia i jej mali pacjenci - Tajemnice lasu ... přeložila Markéta Páralová Tardy 
246 3 0 |a Tajemství lesa 
246 1 8 |a Speciál 
250 |a 1. vydání 
264 1 |a V Brně :  |b CPress,  |c 2024 
300 |a 157 stran :  |b barevné ilustrace ;  |c 25 cm 
336 |a text  |b txt  |2 rdacontent 
337 |a bez média  |b n  |2 rdamedia 
338 |a svazek  |b nc  |2 rdacarrier 
500 |a "Speciální vydání"--Obálka 
520 2 |a Míša už povyrostla, ale stále rozumí řeči zvířat a pomáhá tam, kde je potřeba, proto se nemůže smířit s tím, když se někdo ošklivě chová k přírodě.  |b Začal nový školní rok, to však neznamená konec Míšiných příhod. Právě naopak! Míša se přihlásí do přírodovědného kroužku, který vede pan lesník. Děti budou pracovat na různých projektech týkajících se lesa a Míša s Evičkou se budou věnovat problému skládek v lese. A to všechno kvůli Pupíkově nehodě, kterou zavinilo to, že někdo do lesa vyváží odpadky. Holčičky mají před sebou nelehký úkol - musí zjistit, kdo za tím stojí! Nakladatelská anotace. 
521 8 |a Pro čtenáře od 6 let 
655 7 |a polské příběhy  |7 fd183167  |2 czenas 
655 7 |a publikace pro děti  |7 fd133156  |2 czenas 
655 9 |a Polish stories  |2 eczenas 
655 9 |a children's literature  |2 eczenas 
700 1 |a Filipowska, Agnieszka  |7 xx0227059  |4 ill 
700 1 |a Páralová Tardy, Markéta,  |d 1981-  |7 xx0087325  |4 trl 
765 0 |t Misia i jej mali pacjenci 
787 0 8 |i Z cyklu:  |t Míša a její malí pacienti 
900 |a ABA001  |b 20 
928 9 |a Albatros Media - CPress 
044 |a xr 
910 |a RBIT002 
998 |d 414261  |a https://core.palmknihy.cz/api/books/414261/cover?sjzi8k  |b https://core.palmknihy.cz/api/books/414261/cover/400?sjzi8k  |c https://core.palmknihy.cz/api/books/414261/cover/50?sjzi8k  |e 2028-09-11  |g 160  |i 9788026453567  |j https://core.palmknihy.cz/api/books/414261/preview.epub  |k https://core.palmknihy.cz/api/books/414261/preview.pdf  |l   |q 49  |r 1  |s https://www.palmknihy.cz/kniha/414261  |t ebook  |y 2024  |z 0  |v Míša a její malí pacienti  |w 9 
999 |d 312506